<?xml version="1.0" encoding="UTF-8"?>
<collection xmlns="http://www.loc.gov/MARC21/slim">
<record>
  <controlfield tag="001">2875</controlfield>
  <controlfield tag="005">20160701171712.0</controlfield>
  <datafield tag="037" ind1=" " ind2=" ">
    <subfield code="a">ASTROimport-1032</subfield>
  </datafield>
  <datafield tag="100" ind1=" " ind2=" ">
    <subfield code="a">Groenewegen, M.</subfield>
  </datafield>
  <datafield tag="260" ind1=" " ind2=" ">
    <subfield code="c">2010</subfield>
  </datafield>
  <datafield tag="245" ind1=" " ind2=" ">
    <subfield code="a">First results from the MESS Guaranteed Time Key Program</subfield>
  </datafield>
  <datafield tag="520" ind1=" " ind2=" ">
    <subfield code="a">MESS, Mass Loss of Evolved Stars, is a Guaranteed Time Key Program of about 310 hours that will observe a large sample of post-main-sequence objects with both PACS and SPIRE in both imaging and spectroscopy. The overall aim is to study the mass loss process in a variety of objects, from asymptotic giant branch (AGB), and post-AGB stars, Planetary Nebulae, young supernova remnants, to the more massive luminous blue variables and Wolf-Rayet stars. With the imaging the goal is to derive information on the time evolution of the mass loss process, and the morphology. In spectroscopy the goal is to trace the mass loss process in an independent way, through analysis of the molecular lines and the dust emission. I will present an overview of the MESS program, and first scientific highlights. </subfield>
  </datafield>
  <datafield tag="773" ind1=" " ind2=" ">
    <subfield code="p">38th COSPAR Scientific Assembly</subfield>
    <subfield code="v">38</subfield>
    <subfield code="y">2010</subfield>
    <subfield code="c">2</subfield>
  </datafield>
  <datafield tag="856" ind1="4" ind2="2">
    <subfield code="a">http://esoads.eso.org/abs/2010cosp...38.2491G</subfield>
  </datafield>
  <datafield tag="905" ind1=" " ind2=" ">
    <subfield code="a">published in</subfield>
  </datafield>
  <datafield tag="980" ind1=" " ind2=" ">
    <subfield code="a">NONREF</subfield>
  </datafield>
</record>
</collection>